[Event "106th British-ch 2019"]
[Site "Torquay"]
[Date "2019.08.01"]
[Round "6.5"]
[White "Eggleston, David J"]
[Black "Palliser, Richard Jd"]
[Result "0-1"]
[WhiteElo "2399"]
[BlackElo "2399"]
[Annotator "ChessBase"]
[PlyCount "126"]
[EventDate "2019.07.27"]
[EventType "swiss"]
[EventCountry "GBR"]
[SourceTitle "playchess.com"]
[Source "ChessBase"]
[SourceQuality "1"]
[TimeControl "40/5400+30:1800+30"]

1. e4 {[%emt 0:05:03]} c5 {[%emt 0:00:00]} 2. Nf3 {[%emt 0:00:05]} d6 {[%emt 0:00:00]} 3. d4 {[%emt 0:00:30]} cxd4 {[%emt 0:00:00]} 4. Nxd4 {[%emt 0:00:03]} Nf6 {[%emt 0:00:00]} 5. Nc3 {[%emt 0:00:03]} a6 {[%emt 0:00:00]} 6. h3 {[%emt 0:00:16]} e6 {[%emt 0:00:16]} 7. g4 {[%emt 0:00:26]} h6 {[%emt 0:00:17]} 8. Bg2 {[%emt 0:00:47]} Be7 {[%emt 0:00:08]} 9. O-O {[%emt 0:02:50]} g5 {[%emt 0:09:58]} 10. Nde2 {[%emt 0:11:51]} Nc6 {[%emt 0:02:33]} 11. Be3 {[%emt 0:04:21]} Ne5 {[%emt 0:01:02]} 12. Na4 {[%emt 0:03:57]} Nc4 {[%emt 0:09:05]} 13. Bd4 {[%emt 0:03:16]} e5 {[%emt 0:00:33]} 14. b3 {[%emt 0:00:40]} exd4 {[%emt 0:02:23]} 15. bxc4 {[%emt 0:00:05]} Qa5 {[%emt 0:05:31]} 16. Nb2 {[%emt 0:07:24]} h5 {[%emt 0:01:46]} 17. Qxd4 {[%emt 0:01:33]} hxg4 {[%emt 0:00:30]} 18. hxg4 {[%emt 0:00:07]} Bxg4 {[%emt 0:06:05]} 19. Ng3 {[%emt 0:01:20]} Qe5 {[%emt 0:15:47]} 20. Qxe5 {[%emt 0:03:16]} dxe5 {[%emt 0:00:03]} 21. Nd3 {[%emt 0:00:14]} Nd7 {[%emt 0:01:02]} 22. Nf5 {[%emt 0:02:07]} Rc8 {[%emt 0:03:29]} 23. Rab1 {[%emt 0:07:52]} b6 {[%emt 0:03:54]} 24. Rfe1 {[%emt 0:00:45]} Rxc4 {[%emt 0:00:30]} 25. Ne3 {[%emt 0:00:21]} Be6 {[%emt 0:00:43]} 26. Nxc4 {[%emt 0:00:07]} Bxc4 {[%emt 0:00:02]} 27. a4 {[%emt 0:03:49]} Bxd3 {[%emt 0:09:44]} 28. cxd3 {[%emt 0:00:06]} a5 {[%emt 0:00:05]} 29. d4 {[%emt 0:05:15]} exd4 {[%emt 0:00:14]} 30. e5 {[%emt 0:00:19]} Rh6 {[%emt 0:03:34]} 31. Bd5 {[%emt 0:01:55]} Bb4 {[%emt 0:05:56]} 32. Re4 {[%emt 0:28:12]} d3 {[%emt 0:11:38]} 33. Rg4 {[%emt 0:00:20]} Nxe5 {[%emt 0:00:47]} 34. Rxg5 {[%emt 0:00:09]} f6 {[%emt 0:04:22]} 35. Rg7 {[%emt 0:00:16]} Rg6+ {[%emt 0:01:59]} 36. Rxg6 {[%emt 0:00:04]} Nxg6 {[%emt 0:00:01]} 37. Bb3 {[%emt 0:05:38]} Nf4 {[%emt 0:01:21]} 38. Kf1 {[%emt 0:00:30]} d2 {[%emt 0:02:04]} 39. Bd1 {[%emt 0:02:37]} Nd5 {[%emt 0:01:08]} 40. Rb2 {[%emt 0:00:02]} Ke7 {[%emt 0:00:39]} 41. Bf3 {[%emt 0:13:03]} Kd6 {[%emt 0:05:23]} 42. Rc2 {[%emt 0:03:02]} Ke5 {[%emt 0:01:10]} 43. Rc8 {[%emt 0:05:06]} Kf4 {[%emt 0:08:32]} 44. Bd1 {[%emt 0:05:35]} Nc3 {[%emt 0:00:35]} 45. Rxc3 {[%emt 0:00:33]} Bxc3 {[%emt 0:00:02]} 46. Ke2 {[%emt 0:00:09]} Ke4 {[%emt 0:00:50]} 47. Bb3 {[%emt 0:01:30]} Kd4 {[%emt 0:07:26]} 48. Bf7 {[%emt 0:01:30]} Bb4 {[%emt 0:01:36]} 49. Be8 {[%emt 0:00:23]} Kc3 {[%emt 0:00:11]} 50. Kd1 {[%emt 0:00:16]} Bc5 {[%emt 0:00:07]} 51. f4 {[%emt 0:02:45]} Be3 {[%emt 0:05:01]} 52. f5 {[%emt 0:00:05]} Kd4 {[%emt 0:00:12]} 53. Bd7 {[%emt 0:00:23]} Ke4 {[%emt 0:00:23]} 54. Ke2 {[%emt 0:01:19]} Bf4 {[%emt 0:00:57]} 55. Kd1 {[%emt 0:00:10]} b5 {[%emt 0:02:53]} 56. axb5 {[%emt 0:00:04]} a4 {[%emt 0:00:02]} 57. Ke2 {[%emt 0:03:19]} a3 {[%emt 0:01:06]} 58. Be6 {[%emt 0:00:10]} Kd4 {[%emt 0:00:03]} 59. b6 {[%emt 0:01:04]} Kc3 {[%emt 0:00:03]} 60. b7 {[%emt 0:00:18]} Kb2 {[%emt 0:00:18]} 61. b8=Q+ {[%emt 0:00:21]} Bxb8 {[%emt 0:00:03]} 62. Kxd2 {[%emt 0:00:07]} a2 {[%emt 0:00:02]} 63. Bxa2 {[%emt 0:00:06]} Kxa2 {[%emt 0:00:02]} 0-1

[Event "106th British-ch 2019"]
[Site "Torquay"]
[Date "2019.08.01"]
[Round "6.6"]
[White "Pert, Nicholas"]
[Black "Toma, Katarzyna"]
[Result "1-0"]
[WhiteElo "2563"]
[BlackElo "2229"]
[Annotator "ChessBase"]
[PlyCount "81"]
[EventDate "2019.07.27"]
[EventType "swiss"]
[EventCountry "GBR"]
[SourceTitle "playchess.com"]
[Source "ChessBase"]
[SourceQuality "1"]
[TimeControl "40/5400+30:1800+30"]

1. d4 {[%emt 0:02:35]} Nf6 {[%emt 0:00:00]} 2. Nf3 {[%emt 0:00:05]} g6 {[%emt 0:00:00]} 3. g3 {[%emt 0:00:12]} Bg7 {[%emt 0:00:00]} 4. Bg2 {[%emt 0:00:07]} O-O {[%emt 0:00:30]} 5. O-O {[%emt 0:00:05]} d5 {[%emt 0:00:09]} 6. c4 {[%emt 0:00:21]} dxc4 {[%emt 0:00:12]} 7. Na3 {[%emt 0:00:34]} Nc6 {[%emt 0:00:47]} 8. Nxc4 {[%emt 0:00:09]} Be6 {[%emt 0:00:15]} 9. b3 {[%emt 0:00:24]} Bd5 {[%emt 0:01:51]} 10. Bb2 {[%emt 0:00:42]} a5 {[%emt 0:00:19]} 11. Ne3 {[%emt 0:00:26]} Be4 {[%emt 0:04:36]} 12. a3 {[%emt 0:00:07]} Qc8 {[%emt 0:05:09]} 13. Nc4 {[%emt 0:00:18]} Rd8 {[%emt 0:02:24]} 14. e3 {[%emt 0:00:45]} Bd5 {[%emt 0:10:14]} 15. Rc1 {[%emt 0:00:35]} h6 {[%emt 0:02:57]} 16. Qe2 {[%emt 0:01:27]} Qe6 {[%emt 0:01:32]} 17. Rfd1 {[%emt 0:00:40]} a4 {[%emt 0:03:32]} 18. b4 {[%emt 0:01:08]} Na7 {[%emt 0:00:31]} 19. Nce5 {[%emt 0:08:40]} Rac8 {[%emt 0:01:52]} 20. Qf1 {[%emt 0:08:33]} g5 {[%emt 0:05:24]} 21. h4 {[%emt 0:03:59]} Qf5 {[%emt 0:03:00]} 22. hxg5 {[%emt 0:11:20]} hxg5 {[%emt 0:00:05]} 23. Nd2 {[%emt 0:00:19]} Ne4 {[%emt 0:12:42]} 24. Nxe4 {[%emt 0:05:14]} Bxe4 {[%emt 0:00:49]} 25. f3 {[%emt 0:28:39]} Bxe5 {[%emt 0:06:01]} 26. dxe5 {[%emt 0:00:04]} Bc6 {[%emt 0:08:08]} 27. e4 {[%emt 0:00:44]} Qg6 {[%emt 0:00:52]} 28. e6 {[%emt 0:02:45]} fxe6 {[%emt 0:03:31]} 29. Rc5 {[%emt 0:01:09]} b6 {[%emt 0:03:36]} 30. Re5 {[%emt 0:00:40]} Rd6 {[%emt 0:03:37]} 31. Bc1 {[%emt 0:05:34]} Kf8 {[%emt 0:01:53]} 32. Rxg5 {[%emt 0:00:11]} Qh7 {[%emt 0:00:25]} 33. Bf4 {[%emt 0:01:39]} Bb5 {[%emt 0:06:47]} 34. Qe1 {[%emt 0:00:11]} Rxd1 {[%emt 0:02:33]} 35. Qxd1 {[%emt 0:00:02]} Ke8 {[%emt 0:00:17]} 36. Qc1 {[%emt 0:04:11]} Bd7 {[%emt 0:05:05]} 37. Be5 {[%emt 0:01:18]} Nb5 {[%emt 0:06:00]} 38. Rg7 {[%emt 0:01:31]} Qh5 {[%emt 0:00:15]} 39. Rg8+ {[%emt 0:00:38]} Kf7 {[%emt 0:00:07]} 40. Rg5 {[%emt 0:00:11]} Qh7 {[%emt 0:01:16]} 41. Qf4+ {[%emt 0:30:13]} 1-0

[Event "106th British-ch 2019"]
[Site "Torquay"]
[Date "2019.08.01"]
[Round "6.7"]
[White "Emms, John M"]
[Black "Ashton, Adam G"]
[Result "1-0"]
[WhiteElo "2481"]
[BlackElo "2323"]
[Annotator "ChessBase"]
[PlyCount "77"]
[EventDate "2019.07.27"]
[EventType "swiss"]
[EventCountry "GBR"]
[SourceTitle "playchess.com"]
[Source "ChessBase"]
[SourceQuality "1"]
[TimeControl "40/5400+30:1800+30"]

1. e4 {[%emt 0:00:00]} e5 {[%emt 0:01:34]} 2. Nf3 {[%emt 0:00:00]} Nc6 {[%emt 0:00:04]} 3. Bb5 {[%emt 0:00:08]} a6 {[%emt 0:00:04]} 4. Ba4 {[%emt 0:00:06]} Nf6 {[%emt 0:00:14]} 5. d3 {[%emt 0:00:20]} d6 {[%emt 0:00:50]} 6. c3 {[%emt 0:00:40]} g6 {[%emt 0:00:18]} 7. O-O {[%emt 0:00:36]} Bg7 {[%emt 0:00:20]} 8. h3 {[%emt 0:01:29]} O-O {[%emt 0:00:10]} 9. Re1 {[%emt 0:00:11]} Re8 {[%emt 0:01:50]} 10. Nbd2 {[%emt 0:09:21]} h6 {[%emt 0:06:16]} 11. d4 {[%emt 0:15:48]} b5 {[%emt 0:05:24]} 12. Bc2 {[%emt 0:00:05]} Bb7 {[%emt 0:31:25]} 13. d5 {[%emt 0:05:39]} Nb8 {[%emt 0:02:57]} 14. a4 {[%emt 0:06:12]} c6 {[%emt 0:02:27]} 15. dxc6 {[%emt 0:00:32]} Bxc6 {[%emt 0:03:01]} 16. axb5 {[%emt 0:15:07]} axb5 {[%emt 0:00:15]} 17. Rxa8 {[%emt 0:00:05]} Bxa8 {[%emt 0:00:04]} 18. Qe2 {[%emt 0:09:43]} Bc6 {[%emt 0:00:42]} 19. Bd3 {[%emt 0:02:51]} Qb6 {[%emt 0:00:33]} 20. Nb3 {[%emt 0:04:57]} Nbd7 {[%emt 0:11:53]} 21. Be3 {[%emt 0:02:59]} Qc7 {[%emt 0:00:51]} 22. Nfd2 {[%emt 0:02:04]} Rb8 {[%emt 0:02:34]} 23. Ra1 {[%emt 0:02:40]} d5 {[%emt 0:03:29]} 24. Ra7 {[%emt 0:03:19]} Qc8 {[%emt 0:00:27]} 25. exd5 {[%emt 0:01:55]} Nxd5 {[%emt 0:01:03]} 26. Na5 {[%emt 0:01:30]} f5 {[%emt 0:07:02]} 27. Nxc6 {[%emt 0:06:59]} Qxc6 {[%emt 0:00:17]} 28. Nb3 {[%emt 0:01:18]} e4 {[%emt 0:03:35]} 29. Bb1 {[%emt 0:00:55]} Nxe3 {[%emt 0:01:04]} 30. Qxe3 {[%emt 0:00:14]} Ra8 {[%emt 0:09:00]} 31. Na5 {[%emt 0:02:50]} Qd5 {[%emt 0:02:33]} 32. Ba2 {[%emt 0:00:23]} Qxa2 {[%emt 0:00:01]} 33. Rxa8+ {[%emt 0:00:04]} Kh7 {[%emt 0:00:06]} 34. Ra7 {[%emt 0:00:37]} Qd5 {[%emt 0:00:40]} 35. Nb3 {[%emt 0:02:01]} Qd1+ {[%emt 0:03:04]} 36. Kh2 {[%emt 0:00:06]} Be5+ {[%emt 0:01:08]} 37. g3 {[%emt 0:00:08]} f4 {[%emt 0:00:41]} 38. gxf4 {[%emt 0:01:22]} Bb8 {[%emt 0:00:02]} 39. Rb7 {[%emt 0:00:37]} 1-0

[Event "106th British-ch 2019"]
[Site "Torquay"]
[Date "2019.08.01"]
[Round "6.8"]
[White "Fernandez, Daniel Howard"]
[Black "Bates, Richard A"]
[Result "1-0"]
[WhiteElo "2466"]
[BlackElo "2352"]
[Annotator "ChessBase"]
[PlyCount "100"]
[EventDate "2019.07.27"]
[EventType "swiss"]
[EventCountry "GBR"]
[SourceTitle "playchess.com"]
[Source "ChessBase"]
[SourceQuality "1"]
[TimeControl "40/5400+30:1800+30"]

1. Nf3 {[%emt 0:21:45]} Nf6 {[%emt 0:00:45]} 2. b3 {[%emt 0:00:19]} g6 {[%emt 0:02:20]} 3. Bb2 {[%emt 0:00:02]} Bg7 {[%emt 0:00:09]} 4. e3 {[%emt 0:00:13]} O-O {[%emt 0:00:57]} 5. Be2 {[%emt 0:00:02]} c5 {[%emt 0:02:47]} 6. O-O {[%emt 0:00:33]} Nc6 {[%emt 0:02:49]} 7. c4 {[%emt 0:00:03]} b6 {[%emt 0:07:09]} 8. d4 {[%emt 0:00:07]} cxd4 {[%emt 0:00:25]} 9. Nxd4 {[%emt 0:00:02]} Bb7 {[%emt 0:01:03]} 10. Bf3 {[%emt 0:00:23]} Na5 {[%emt 0:09:34]} 11. Bxb7 {[%emt 0:01:54]} Nxb7 {[%emt 0:00:06]} 12. Nc3 {[%emt 0:00:03]} Nc5 {[%emt 0:09:31]} 13. Re1 {[%emt 0:01:04]} Nfe4 {[%emt 0:08:34]} 14. Nxe4 {[%emt 0:02:57]} Nxe4 {[%emt 0:00:08]} 15. Qc2 {[%emt 0:00:05]} Nf6 {[%emt 0:08:50]} 16. Rad1 {[%emt 0:00:57]} Qc7 {[%emt 0:02:21]} 17. Nb5 {[%emt 0:00:32]} Qb7 {[%emt 0:01:43]} 18. Nc3 {[%emt 0:00:33]} Rac8 {[%emt 0:03:10]} 19. e4 {[%emt 0:00:56]} d6 {[%emt 0:03:56]} 20. a4 {[%emt 0:00:08]} a6 {[%emt 0:01:48]} 21. Qe2 {[%emt 0:00:29]} Rc5 {[%emt 0:03:14]} 22. Bc1 {[%emt 0:01:41]} Nd7 {[%emt 0:04:23]} 23. Nd5 {[%emt 0:00:09]} e6 {[%emt 0:00:13]} 24. b4 {[%emt 0:01:05]} exd5 {[%emt 0:02:46]} 25. bxc5 {[%emt 0:00:02]} Nxc5 {[%emt 0:01:01]} 26. Rxd5 {[%emt 0:00:03]} Nxa4 {[%emt 0:00:51]} 27. Rxd6 {[%emt 0:00:18]} b5 {[%emt 0:02:12]} 28. cxb5 {[%emt 0:00:09]} axb5 {[%emt 0:00:09]} 29. e5 {[%emt 0:01:29]} b4 {[%emt 0:03:25]} 30. e6 {[%emt 0:00:07]} fxe6 {[%emt 0:00:26]} 31. Qxe6+ {[%emt 0:00:18]} Qf7 {[%emt 0:00:14]} 32. Qxf7+ {[%emt 0:01:22]} Rxf7 {[%emt 0:00:09]} 33. Re8+ {[%emt 0:03:52]} Rf8 {[%emt 0:00:23]} 34. Rdd8 {[%emt 0:00:51]} Rxe8 {[%emt 0:02:45]} 35. Rxe8+ {[%emt 0:00:02]} Kf7 {[%emt 0:00:10]} 36. Rb8 {[%emt 0:00:16]} Bc3 {[%emt 0:01:05]} 37. Kf1 {[%emt 0:02:58]} Ke6 {[%emt 0:01:36]} 38. Ke2 {[%emt 0:00:12]} Kd5 {[%emt 0:00:12]} 39. g4 {[%emt 0:00:09]} Kc4 {[%emt 0:02:02]} 40. Rc8+ {[%emt 0:00:03]} Kb3 {[%emt 0:01:16]} 41. Kd3 {[%emt 0:30:08]} Bf6 {[%emt 0:13:44]} 42. f4 {[%emt 0:00:00]} Be7 {[%emt 0:00:04]} 43. f5 {[%emt 0:00:00]} gxf5 {[%emt 0:02:01]} 44. gxf5 {[%emt 0:00:00]} Nb6 {[%emt 0:03:50]} 45. Rc7 {[%emt 0:00:00]} Bd8 {[%emt 0:00:42]} 46. Rc6 {[%emt 0:00:00]} Ka4 {[%emt 0:02:37]} 47. Be3 {[%emt 0:00:00]} Nd5 {[%emt 0:00:52]} 48. Ra6+ {[%emt 0:00:00]} Kb5 {[%emt 0:00:25]} 49. Rd6 {[%emt 0:00:00]} Nxe3 {[%emt 0:00:29]} 50. Rxd8 {[%emt 0:00:00]} Nxf5 {[%emt 0:00:09]} 1-0

[Event "106th British-ch 2019"]
[Site "Torquay"]
[Date "2019.08.01"]
[Round "6.9"]
[White "Houska, Jovanka"]
[Black "Claridge-Hansen, William"]
[Result "1-0"]
[WhiteElo "2422"]
[BlackElo "2297"]
[Annotator "NA"]
[PlyCount "79"]
[EventDate "2019.07.27"]
[EventType "swiss"]
[EventCountry "GBR"]
[SourceTitle "playchess.com"]
[Source "ChessBase"]
[SourceQuality "1"]
[TimeControl "40/5400+30:1800+30"]

1. d4 {[%emt 0:00:00]} Nf6 {[%emt 0:00:00]} 2. Nf3 {[%emt 0:00:07]} e6 {[%emt 0:00:00]} 3. c4 {[%emt 0:00:37]} b6 {[%emt 0:00:10]} 4. g3 {[%emt 0:00:09]} Bb7 {[%emt 0:00:24]} 5. Bg2 {[%emt 0:00:05]} Bb4+ {[%emt 0:00:24]} 6. Bd2 {[%emt 0:00:06]} c5 {[%emt 0:00:17]} 7. Bxb4 {[%emt 0:01:58]} cxb4 {[%emt 0:00:19]} 8. O-O {[%emt 0:00:05]} O-O {[%emt 0:00:23]} 9. Qd3 {[%emt 0:00:20]} d6 {[%emt 0:02:44]} 10. Nbd2 {[%emt 0:00:45]} Qc7 {[%emt 0:01:03]} 11. Rac1 {[%emt 0:00:27]} e5 {[%emt 0:12:54]} 12. e4 {[%emt 0:07:12]} Nc6 {[%emt 0:07:52]} 13. Rfd1 {[%emt 0:00:21]} Rfe8 {[%emt 0:02:40]} 14. Nf1 {[%emt 0:07:05]} exd4 {[%emt 0:15:31]} 15. Re1 {[%emt 0:28:18]} Ne5 {[%emt 0:04:45]} 16. Qxd4 {[%emt 0:00:10]} Qc5 {[%emt 0:02:41]} 17. Qxc5 {[%emt 0:01:44]} Nxf3+ {[%emt 0:01:32]} 18. Bxf3 {[%emt 0:00:07]} dxc5 {[%emt 0:15:09]} 19. Nd2 {[%emt 0:01:41]} Rad8 {[%emt 0:04:12]} 20. Rcd1 {[%emt 0:01:20]} Rd3 {[%emt 0:04:59]} 21. Be2 {[%emt 0:00:06]} Rd4 {[%emt 0:00:53]} 22. f3 {[%emt 0:00:02]} Red8 {[%emt 0:00:36]} 23. Nf1 {[%emt 0:00:33]} Nd7 {[%emt 0:01:34]} 24. Rxd4 {[%emt 0:04:37]} cxd4 {[%emt 0:00:02]} 25. Rd1 {[%emt 0:00:19]} Nc5 {[%emt 0:02:23]} 26. Ne3 {[%emt 0:01:35]} d3 {[%emt 0:04:22]} 27. Bf1 {[%emt 0:05:55]} Rd4 {[%emt 0:01:52]} 28. Kf2 {[%emt 0:04:03]} g6 {[%emt 0:03:10]} 29. b3 {[%emt 0:00:37]} Bxe4 {[%emt 0:01:49]} 30. fxe4 {[%emt 0:01:19]} Nxe4+ {[%emt 0:00:01]} 31. Kf3 {[%emt 0:00:35]} d2 {[%emt 0:00:36]} 32. Bd3 {[%emt 0:04:15]} Nc3 {[%emt 0:04:09]} 33. Rxd2 {[%emt 0:00:05]} Nb1 {[%emt 0:02:29]} 34. Rb2 {[%emt 0:01:01]} Rxd3 {[%emt 0:00:13]} 35. Rxb1 {[%emt 0:00:04]} Rd2 {[%emt 0:00:06]} 36. h4 {[%emt 0:01:01]} Rxa2 {[%emt 0:00:15]} 37. Nd5 {[%emt 0:00:03]} Ra3 {[%emt 0:01:26]} 38. Nxb4 {[%emt 0:00:08]} a5 {[%emt 0:00:07]} 39. Nc2 {[%emt 0:00:05]} Ra2 {[%emt 0:00:07]} 40. Ne3 {[%emt 0:00:06]} 1-0

[Event "106th British-ch 2019"]
[Site "Torquay"]
[Date "2019.08.01"]
[Round "6.10"]
[White "Bradbury, Neil H"]
[Black "Pigott, John C"]
[Result "1/2-1/2"]
[WhiteElo "2322"]
[BlackElo "2384"]
[Annotator "NA"]
[PlyCount "47"]
[EventDate "2019.07.27"]
[EventType "swiss"]
[EventCountry "GBR"]
[SourceTitle "playchess.com"]
[Source "ChessBase"]
[SourceQuality "1"]
[TimeControl "40/5400+30:1800+30"]

1. d4 {[%emt 0:00:00]} Nf6 {[%emt 0:00:00]} 2. c4 {[%emt 0:00:40]} g6 {[%emt 0:00:27]} 3. Nf3 {[%emt 0:02:02]} Bg7 {[%emt 0:00:22]} 4. g3 {[%emt 0:00:08]} d5 {[%emt 0:00:37]} 5. cxd5 {[%emt 0:00:38]} Nxd5 {[%emt 0:00:08]} 6. Bg2 {[%emt 0:00:13]} Nb6 {[%emt 0:00:07]} 7. O-O {[%emt 0:03:28]} Nc6 {[%emt 0:00:23]} 8. e3 {[%emt 0:08:33]} O-O {[%emt 0:01:58]} 9. Nc3 {[%emt 0:00:16]} e5 {[%emt 0:01:04]} 10. d5 {[%emt 0:04:09]} Na5 {[%emt 0:00:18]} 11. e4 {[%emt 0:04:37]} c6 {[%emt 0:01:55]} 12. Bg5 {[%emt 0:06:39]} f6 {[%emt 0:00:47]} 13. Be3 {[%emt 0:08:45]} cxd5 {[%emt 0:01:33]} 14. exd5 {[%emt 0:02:29]} Nac4 {[%emt 0:16:31]} 15. Bc5 {[%emt 0:11:31]} Rf7 {[%emt 0:00:45]} 16. Qe2 {[%emt 0:00:15]} Bf8 {[%emt 0:21:23]} 17. Bxf8 {[%emt 0:04:24]} Qxf8 {[%emt 0:02:58]} 18. a4 {[%emt 0:02:12]} Qb4 {[%emt 0:12:57]} 19. Ra2 {[%emt 0:12:15]} Bd7 {[%emt 0:07:08]} 20. Rfa1 {[%emt 0:04:07]} a5 {[%emt 0:01:32]} 21. Ne1 {[%emt 0:00:08]} Rc8 {[%emt 0:04:34]} 22. Nd3 {[%emt 0:00:41]} Qb3 {[%emt 0:04:39]} 23. Nc1 {[%emt 0:00:12]} Qb4 {[%emt 0:00:05]} 24. Nd3 {[%emt 0:01:25]} 1/2-1/2

[Event "106th British-ch 2019"]
[Site "Torquay"]
[Date "2019.08.01"]
[Round "6.11"]
[White "Lane, Gary W"]
[Black "Smith, Andrew Philip"]
[Result "1-0"]
[WhiteElo "2364"]
[BlackElo "2147"]
[Annotator "NA"]
[PlyCount "53"]
[EventDate "2019.07.27"]
[EventType "swiss"]
[EventCountry "GBR"]
[SourceTitle "playchess.com"]
[Source "ChessBase"]
[SourceQuality "1"]
[TimeControl "40/5400+30:1800+30"]

1. e4 {[%emt 0:00:00]} g6 {[%emt 0:01:17]} 2. d4 {[%emt 0:01:05]} Bg7 {[%emt 0:00:15]} 3. Nc3 {[%emt 0:00:13]} c6 {[%emt 0:01:13]} 4. Bc4 {[%emt 0:00:15]} Qb6 {[%emt 0:12:50]} 5. Nf3 {[%emt 0:17:01]} Nh6 {[%emt 0:11:11]} 6. O-O {[%emt 0:02:38]} d5 {[%emt 0:05:31]} 7. exd5 {[%emt 0:06:03]} Bg4 {[%emt 0:04:38]} 8. d6 {[%emt 0:17:44]} e6 {[%emt 0:00:00]} 9. Ne4 {[%emt 0:02:13]} Nf5 {[%emt 0:00:15]} 10. c3 {[%emt 0:00:12]} Nd7 {[%emt 0:06:52]} 11. h3 {[%emt 0:03:53]} Bxf3 {[%emt 0:00:25]} 12. Qxf3 {[%emt 0:00:05]} h5 {[%emt 0:04:38]} 13. Bg5 {[%emt 0:03:53]} h4 {[%emt 0:03:50]} 14. b4 {[%emt 0:02:21]} Rh5 {[%emt 0:30:18]} 15. Rab1 {[%emt 0:01:39]} Kf8 {[%emt 0:02:03]} 16. Nc5 {[%emt 0:03:29]} Ke8 {[%emt 0:01:18]} 17. Na4 {[%emt 0:06:45]} Rxg5 {[%emt 0:05:29]} 18. Nxb6 {[%emt 0:00:20]} Nxb6 {[%emt 0:00:24]} 19. Bb3 {[%emt 0:08:11]} Rd8 {[%emt 0:04:45]} 20. b5 {[%emt 0:03:36]} Rxd6 {[%emt 0:00:32]} 21. bxc6 {[%emt 0:00:14]} bxc6 {[%emt 0:00:24]} 22. a4 {[%emt 0:00:16]} Nd7 {[%emt 0:02:15]} 23. a5 {[%emt 0:00:47]} Rh5 {[%emt 0:00:31]} 24. Bc4 {[%emt 0:02:50]} Ke7 {[%emt 0:00:31]} 25. Rb7 {[%emt 0:00:16]} a6 {[%emt 0:00:18]} 26. Bxa6 {[%emt 0:00:46]} Rd5 {[%emt 0:00:42]} 27. Bc4 {[%emt 0:00:17]} 1-0

[Event "106th British-ch 2019"]
[Site "Torquay"]
[Date "2019.08.01"]
[Round "6.12"]
[White "Arkell, Keith C"]
[Black "Pein, Malcolm"]
[Result "1-0"]
[WhiteElo "2461"]
[BlackElo "2312"]
[Annotator "ChessBase"]
[PlyCount "103"]
[EventDate "2019.07.27"]
[EventType "swiss"]
[EventCountry "GBR"]
[SourceTitle "playchess.com"]
[Source "ChessBase"]
[SourceQuality "1"]
[TimeControl "40/5400+30:1800+30"]

1. Nf3 {[%emt 0:00:16]} Nf6 {[%emt 0:00:00]} 2. c4 {[%emt 0:00:05]} g6 {[%emt 0:00:13]} 3. Nc3 {[%emt 0:00:06]} Bg7 {[%emt 0:00:20]} 4. g3 {[%emt 0:00:06]} c6 {[%emt 0:01:39]} 5. e4 {[%emt 0:00:16]} d5 {[%emt 0:11:09]} 6. cxd5 {[%emt 0:00:10]} cxd5 {[%emt 0:00:15]} 7. e5 {[%emt 0:00:11]} Nfd7 {[%emt 0:00:15]} 8. d4 {[%emt 0:00:15]} Nb6 {[%emt 0:00:41]} 9. Bg2 {[%emt 0:05:33]} Bg4 {[%emt 0:02:07]} 10. h3 {[%emt 0:00:06]} Bxf3 {[%emt 0:00:03]} 11. Qxf3 {[%emt 0:00:05]} e6 {[%emt 0:06:46]} 12. Nb5 {[%emt 0:05:18]} O-O {[%emt 0:01:03]} 13. b3 {[%emt 0:04:25]} Qd7 {[%emt 0:09:22]} 14. Qd3 {[%emt 0:00:29]} a6 {[%emt 0:04:48]} 15. Nc3 {[%emt 0:02:21]} Nc6 {[%emt 0:01:30]} 16. Ba3 {[%emt 0:00:06]} Rfc8 {[%emt 0:00:07]} 17. O-O {[%emt 0:00:47]} a5 {[%emt 0:06:58]} 18. Rac1 {[%emt 0:15:46]} a4 {[%emt 0:11:32]} 19. Bc5 {[%emt 0:06:28]} Qd8 {[%emt 0:02:52]} 20. Nb5 {[%emt 0:01:52]} axb3 {[%emt 0:03:08]} 21. axb3 {[%emt 0:03:42]} Nd7 {[%emt 0:01:35]} 22. b4 {[%emt 0:03:16]} Ra4 {[%emt 0:06:32]} 23. Rb1 {[%emt 0:06:19]} Nxc5 {[%emt 0:08:31]} 24. bxc5 {[%emt 0:00:07]} Rca8 {[%emt 0:00:20]} 25. Rfd1 {[%emt 0:02:31]} b6 {[%emt 0:01:41]} 26. Rdc1 {[%emt 0:08:33]} bxc5 {[%emt 0:01:44]} 27. Rxc5 {[%emt 0:00:06]} Qb6 {[%emt 0:01:59]} 28. Qc2 {[%emt 0:06:57]} Nb4 {[%emt 0:05:17]} 29. Qc3 {[%emt 0:05:12]} Na2 {[%emt 0:04:06]} 30. Qe3 {[%emt 0:07:39]} Rb4 {[%emt 0:03:29]} 31. Rxb4 {[%emt 0:04:29]} Nxb4 {[%emt 0:00:02]} 32. Qc3 {[%emt 0:00:14]} Na2 {[%emt 0:02:20]} 33. Rc8+ {[%emt 0:11:10]} Bf8 {[%emt 0:00:34]} 34. Qc7 {[%emt 0:00:54]} Qxc7 {[%emt 0:00:31]} 35. Rxc7 {[%emt 0:00:07]} Nb4 {[%emt 0:01:47]} 36. Nd6 {[%emt 0:00:58]} Ra1+ {[%emt 0:01:05]} 37. Bf1 {[%emt 0:00:23]} Rd1 {[%emt 0:01:14]} 38. Nxf7 {[%emt 0:00:27]} Rxd4 {[%emt 0:00:36]} 39. Ng5 {[%emt 0:00:06]} Bh6 {[%emt 0:00:44]} 40. Nxe6 {[%emt 0:00:16]} Rd1 {[%emt 0:00:24]} 41. f4 {[%emt 0:31:39]} d4 {[%emt 0:00:45]} 42. Rc4 {[%emt 0:00:00]} Kf7 {[%emt 0:08:13]} 43. Rxd4 {[%emt 0:00:00]} Rxd4 {[%emt 0:01:51]} 44. Nxd4 {[%emt 0:00:00]} Bf8 {[%emt 0:00:09]} 45. Bc4+ {[%emt 0:00:00]} Ke8 {[%emt 0:00:37]} 46. Kg2 {[%emt 0:00:00]} Bc5 {[%emt 0:02:10]} 47. Nb3 {[%emt 0:00:00]} Bb6 {[%emt 0:00:19]} 48. Kf3 {[%emt 0:00:00]} Ke7 {[%emt 0:00:27]} 49. Ke4 {[%emt 0:00:00]} h5 {[%emt 0:04:47]} 50. Nd4 {[%emt 0:00:00]} Bc5 {[%emt 0:03:22]} 51. g4 {[%emt 0:00:00]} hxg4 {[%emt 0:00:45]} 52. hxg4 {[%emt 0:00:00]} 1-0